| 000 | 02299nam0a2200385 4500 | ||
|---|---|---|---|
| 001 | RU\NLR\BIBL_A\022006849 | ||
| 005 | 20230905154008.0 | ||
| 010 |
_a978-5-6042483-9-3 _91500 |
||
| 021 |
_aRU _bАЛ-П-23-00637и _9АЛ-П-23-0135 |
||
| 035 | _a(NLR Aleph) 022006849 | ||
| 035 | _a(RuMoRGB)011936311 | ||
| 090 |
_a12471570 _c12471570 |
||
| 100 | _a20230817d2023 u y0rusy50 ca | ||
| 101 | 0 | _arus | |
| 102 | _aRU | ||
| 105 | _aach z 000zy | ||
| 181 | 0 |
_ai _baxxe |
|
| 182 | 0 | _an | |
| 200 | 1 |
_aМузей-заповедник С. В. Рахманинова "Ивановка" _eпутеводитель _fПравительство Тамбовской области, Министерство культуры Тамбовской области, Музей-заповедник С. В. Рахманинова "Ивановка", Автономная некоммерческая организация "Центр поддержки туризма "Моя провинция" _gавтор-составитель А. И. Ермаков |
|
| 203 |
_aТекст _bвизуальный _cнепосредственный |
||
| 210 |
_aТамбов _c"Ивановка", музей-заповедник С. В. Рахманинова _d2023 |
||
| 215 |
_a260 с. _cил., цв. ил., портр., факс. _d28 |
||
| 320 | _aСоч. С. В. Рахманинова: с. 249-259 | ||
| 601 | 0 | 2 |
_a"Ивановка", музей - усадьба С.В.Рахманинова _cТамбовская область _jПутеводители _92365687 _3RU\NLR\AUTH\661412350 |
| 675 |
_a78.071.1(470):069.02(470.326)(036) _v4 |
||
| 686 | 1 | _aЩ101.3(2Р)-2Тамбов2"Ивановка"Музей-усадьба я23 | |
| 686 | 1 | _aЩ313(2Р=Рус)53-81Рахманинов | |
| 702 | 1 |
_aЕрмаков _bА. И. _gАлександр Иванович _4220 |
|
| 702 | 1 |
_4280 _7ca _8rus _aРахманинов _bС. В. _f1873-1943 _gСергей Васильевич _93543 _3RU\NLR\AUTH\7720475 |
|
| 710 | 0 | 2 |
_a"Ивановка", музей-заповедник С. В. Рахманинова _cТамбовская обл. _9857832 _3RU\NLR\AUTH\880596289 |
| 942 | _cBOOK | ||
| 980 | _aNB | ||